000 00486nam a22001817a 4500
005 20230403151655.0
008 230401b |||||||| |||| 00| 0 eng d
020 _a978-81-203-452-0-1
041 _aeng
082 _a543.08 RAO-I
100 _aRAO,P. S.S. SUNDAR AND RICHARD ,J .
_97700
245 _aINTRODUCTION TO BIOSTATISTIC AND RESEARCH METHODS
250 _a5th ed.
260 _bPHI LEARNING
300 _a268;P.
650 _aPHARMACY
_xB. PHARMA
_97701
942 _cBK
999 _c8267
_d8265